Kunci menjadi individu berkredibiliti

Bibliographic Details
Main Author: Mohd. Fadzilah Kamsah, Dato'
Corporate Author: Title
Other Authors: Ahmad Naim Jaafar
Format: Book
Published: Selangor : PTS Millennia , 2006
Series:Siri pembangunan diri
Subjects:

MARC

LEADER 00000cam a2200000 7i4500
001 0000012035
005 20080125.0
008 071126
020 |a 9833372171 
090 0 0 |a 158.4   |b MOH 
100 1 |a Mohd. Fadzilah Kamsah, Dato' 
245 1 0 |a Kunci menjadi individu berkredibiliti   |c Dato' Mohd. Fadzilah Kamsah, Ahmad Naim Jaafar 
260 |a Selangor :   |b PTS Millennia ,   |c 2006 
440 |a Siri pembangunan diri 
650 0 |a Interpersonal relations 
650 0 |a Leadership   |x Psychology 
650 0 |a Malay fiction 
700 0 |a Ahmad Naim Jaafar 
710 0 |a Title 
999 |a 0000921850   |b Book   |c Adult Collection   |e Cawangan Bukit Gambir 
999 |a 0000921852   |b Book   |c Adult Collection   |e Cawangan Bukit Gambir 
999 |a 0000933257   |b Book   |c Adult Collection   |e Cawangan Tangkak 
999 |a 0000933258   |b Book   |c Adult Collection   |e Cawangan Tangkak 
999 |a 0000933259   |b Book   |c Adult Collection   |e Cawangan Tangkak 
999 |a 0000936548   |b Book   |c Adult Collection   |e Cawangan Bandar Tenggara 
999 |a 0000940001   |b Book   |c Adult Collection   |e Cawangan Taman Sri Lambak 
999 |a 0001004391   |b Book   |c Adult Collection   |e Perbadanan Perpustakaan Awam Johor 
999 |a 0001004392   |b Book   |c Adult Collection   |e Perbadanan Perpustakaan Awam Johor 
999 |a 0001004394   |b Book   |c Adult Collection   |e Cawangan Mersing 
999 |a 0001004395   |b Book   |c Adult Collection   |e Cawangan Mersing